<?xml version="1.0" encoding="UTF-8"?>
<marc:record xmlns:marc="http://www.loc.gov/MARC21/slim">
   <marc:leader>00000nam a2200000 a 4500</marc:leader>
   <marc:datafield ind1="1" ind2=" " tag="100">
      <marc:subfield code="a">Blank, Phillip</marc:subfield>
   </marc:datafield>
   <marc:datafield ind1="1" ind2=" " tag="100">
      <marc:subfield code="a">Seidensticker, Nick</marc:subfield>
   </marc:datafield>
   <marc:datafield ind1="1" ind2=" " tag="100">
      <marc:subfield code="a">Hannemann, Sarah</marc:subfield>
   </marc:datafield>
   <marc:datafield ind1=" " ind2=" " tag="653">
      <marc:subfield code="a">Komödie</marc:subfield>
   </marc:datafield>
   <marc:datafield ind1="0" ind2="0" tag="245">
      <marc:subfield code="a">Hilfe, ich bin ein Junge!</marc:subfield>
   </marc:datafield>
   <marc:datafield ind1="0" ind2="0" tag="245">
      <marc:subfield code="b">eine zauberhafte Komödie über den Unterschied zwischen Mädchen und Jungen</marc:subfield>
   </marc:datafield>
   <marc:datafield ind1="0" ind2="0" tag="245">
      <marc:subfield code="c">Ströhler, Astrid</marc:subfield>
   </marc:datafield>
   <marc:datafield ind1=" " ind2="1" tag="264">
      <marc:subfield code="a">München</marc:subfield>
      <marc:subfield code="b">Universum Film GmbH</marc:subfield>
      <marc:subfield code="c">2009</marc:subfield>
   </marc:datafield>
   <marc:datafield ind1="1" ind2=" " tag="520">
      <marc:subfield code="a">Die 11-jährige Emma ist eine vorbildlich Schülerin, die ihrer Mutter zuliebe ihre Freizeit vorwiegend beim Schwimmtraining verbringt: Ihr Mitschüler Mickey hingegen hat nicht annähernd so viel Ehrgeiz und für Emma daher nichts als Spott übrig. Als Emma eines Abends zu Bett geht und den Tag mit den Worten "Blöder Mickey" beendet, ahnt sie nicht, dass sie als eben dieser am nächsten Morgen wieder erwachen wird. Ein Körpertausch wider Willen! Schuld ist ein magischer Zauberspruch, den ihr der Klassenkamerad "Vierauge" verraten hatte. Er selbst entdeckte ihn in einem mysteriösen Buch, das er zuvor im Wald fand. Auch Mickey staunt nicht schlecht, als er sich urplötzlich in Emmas Körper wieder findet!</marc:subfield>
   </marc:datafield>
   <marc:datafield ind1=" " ind2=" " tag="020">
      <marc:subfield code="a">2876500439</marc:subfield>
      <marc:subfield code="9">2876500439</marc:subfield>
   </marc:datafield>
   <marc:datafield ind1=" " ind2=" " tag="041">
      <marc:subfield code="a">ger</marc:subfield>
   </marc:datafield>
   <marc:datafield ind1="0" ind2=" " tag="490">
      <marc:subfield code="v">0</marc:subfield>
   </marc:datafield>
   <marc:datafield ind1=" " ind2=" " tag="338">
      <marc:subfield code="a">Videodisk</marc:subfield>
   </marc:datafield>
   <marc:datafield ind1=" " ind2=" " tag="300">
      <marc:subfield code="a">DVD (92 Min.)</marc:subfield>
   </marc:datafield>
</marc:record>
